Batalla de los dioses : Hércules = Clash of the Gods : Hercules /

Serie norteamericana de televisión sobre dioses y personajes de las mitologías y las literaturas griega, romana, gauta, nórdica, germana e inglesa, formada por diez capítulos con una duración promedio de 45 minutos y transmitida originalmente del 3 de agosto al 12 de octubre de 2009. El segundo prog...

Ful tanımlama

Kaydedildi:
Detaylı Bibliyografya
Yazar: Cassel, Chris (prod. de la serie)
Diğer Yazarlar: Hunt, Bill (producción ejecutiva) (producción ejecutiva), Yom, Haewon (producción) (producción), Ver, Jess Lyne de (producción) (producción), Cassel, Chris (realización) (realización), Conway, Jessica (realización) (realización), Cassel, Chris (guión) (guión), Fitzpatrick, Kevin (guión) (guión), Goldberg, Alan (guión) (guión), Metzger, Tim (fotógrafo) (fotógrafo), Honn, Jennifer (montaje) (montaje), Bernard, Stan (conducción) (conducción)
Materyal Türü: Saydam/Asetat
Dil:İngilizce
Baskı/Yayın Bilgisi: Nueva York, EUA : A + E Networks, The History Channel, 2009, c2009
México : Zima Entertainment [distribución], copyright fecha no identificada
Seri Bilgileri:(Batalla de los Dioses ; 2)
(Clash of the Gods ; 2)
Konular:
Etiketler: Etiketle
Etiket eklenmemiş, İlk siz ekleyin!

MARC

LEADER 00000ngm^a2200000^a^4500
001 000320614
005 20250521000000.0
009 20260310113516.726
037 |a Acervo ITESO - Biblioteca 
041 |a ING 
082 |a 398. 2  |b BAT V. 2 
100 |a Cassel, Chris  |e (prod. de la serie) 
240 1 1 |a [Batalla de los dioses] 
240 1 1 |a [Clash of the Gods] 
245 1 0 |a Batalla de los dioses :  |b Hércules = Clash of the Gods : Hercules /  |c Prod. de la serie de C. Cassel ; prod. ejecutiva de B. Hunt... [et al.] ; prod. de H. Yom, J.L. de Ver ; realización de C. Cassel, J. Conway. 
264 4 |a Nueva York, EUA :  |b A + E Networks, The History Channel,  |c 2009, c2009 
264 4 |a México :  |b Zima Entertainment [distribución],  |c copyright fecha no identificada 
300 |a 1 DVD regiones 1 y 4  |c (45 min.) 
336 |a imagen móvil bidimensional  |b tdi  |2 rdacontenido 
337 |a video  |b v  |2 rdamedio 
338 |a videodisco  |b vd  |2 rdasoporte 
440 1 |a (Batalla de los Dioses ;  |v 2) 
440 1 |a (Clash of the Gods ;  |v 2) 
520 |a Serie norteamericana de televisión sobre dioses y personajes de las mitologías y las literaturas griega, romana, gauta, nórdica, germana e inglesa, formada por diez capítulos con una duración promedio de 45 minutos y transmitida originalmente del 3 de agosto al 12 de octubre de 2009. El segundo programa (10 de agosto de 2009) tiene como protagonista a Hércules, héroe de la mitología romana, quien ha de completar una serie de doce tareas para expiar sus culpas del pasado. La serie inicia con una entrega sobre Zeus y prosigue con los programas acerca de Hades, Minotauro, Medusa, Odiseo –a quien son dedicados dos episodios-, Beowulf, monstruos de la narrativa del autor J.R.R. Tolkien y Thor. 
520 |a Suplementos y características especiales en los programas: 1) Galería animada y con acompañamiento musical de diez fotografías del programa (49 seg.). 
546 |a En inglés, con subtítulos opcionales: español 
546 |a Doblaje opcional: español 
649 |a XX 
650 |a Seres Fantásticos 
650 |a Héroes de Ficción 
650 |a Personajes Literarios 
650 |a Personajes de Ficción 
650 |a Documentales 
650 |a Series de Televisión 
650 |a Televisión -  |z EUA -  |y 2000-2009 
650 |a Televisión -  |z EUA -  |y Siglo XXI 
650 |a Mitología Griega 
650 |a Mitología Clásica 
650 |a Mitología -  |x Tema Principal 
650 |a Literatura Griega 
650 |a Literatura Clásica 
650 |a Grecia -  |x Historia Antigua 
650 |a Heracles (Mitología Griega) -  |x Tema Principal 
700 |a Hunt, Bill  |e (producción ejecutiva) 
700 |a Yom, Haewon  |e (producción) 
700 |a Ver, Jess Lyne de  |e (producción) 
700 |a Cassel, Chris  |e (realización) 
700 |a Conway, Jessica  |e (realización) 
700 |a Cassel, Chris  |e (guión) 
700 |a Fitzpatrick, Kevin  |e (guión) 
700 |a Goldberg, Alan  |e (guión) 
700 |a Metzger, Tim  |e (fotógrafo) 
700 |a Honn, Jennifer  |e (montaje) 
700 |a Bernard, Stan  |e (conducción) 
910 |a Fondo General 
920 |a Audiovisuales - DVDs 
940 |a Películas 
905 |a 302 
901 |a 0900093114  |b IT2  |c DVS  |i C131256  |u 20250521 
902 |a https://opac.biblio.iteso.mx/vufind/Record/000320614